| 000 | 00652 a2200181 4500 | ||
|---|---|---|---|
| 999 |
_c9107 _d9107 |
||
| 020 | _a9789966054074 | ||
| 050 | _aKF297 LEG 2014 | ||
| 100 |
_aGhai, Yash Pal _eeditor |
||
| 245 |
_aThe legal profession and the new constitutional order in Kenya / _cYash Pal Ghai & Jill Cottrell Ghai |
||
| 264 |
_aNairobi : _bStrathmore University Press, _c2014. |
||
| 300 |
_a269p. : _bill. |
||
| 500 | _aIncludes bibliographical references and index | ||
| 650 | _aLegal and constitutional issues---Kenya | ||
| 650 | _aLegal profession and constitution matters--- Kenya | ||
| 651 | _aKenya | ||
| 700 |
_aGhai, Jill Cottrell _eeditor |
||
| 942 |
_2lcc _cBK _h297 _iLEG _kKF |
||